Sales management : concepts, practices, and cases (Record no. 18674)

MARC details
000 -LEADER
fixed length control field 00488nam a22001937a 4500
005 - DATE AND TIME OF LATEST TRANSACTION
control field 20230609121843.0
008 - FIXED-LENGTH DATA ELEMENTS--GENERAL INFORMATION
fixed length control field 230608b |||||||| |||| 00| 0 eng d
020 ## - INTERNATIONAL STANDARD BOOK NUMBER
ISBN 9780071134026
082 ## - DEWEY DECIMAL CLASSIFICATION NUMBER
Classification number 658.81
Item number JOH-S
100 ## - MAIN ENTRY--AUTHOR
Author Name Johnson M.Eugene
245 ## - TITLE STATEMENT
Title Sales management : concepts, practices, and cases
250 ## - EDITION STATEMENT
Edition statement 2nd ed.
260 ## - PUBLICATION, DISTRIBUTION, ETC.
Place of Publication US
Name of publisher, distributor, etc. McGraw Hill
Date of publication, distribution, etc. 1994
300 ## - PHYSICAL DESCRIPTION
Pages 564
500 ## - GENERAL NOTE
General note Includes Index
650 ## - SUBJECT ADDED ENTRY--TOPICAL TERM
Subject / Department Management
700 ## - ADDED ENTRY--PERSONAL NAME
Personal name Eugene M.Johnson
952 ## - LOCATION AND ITEM INFORMATION (KOHA)
-- 0
-- 0
Holdings
Lost status Damaged status Permanent Location Current Location Shelving Location Date acquired Full Call Number Accession No./Barcode Date last seen item type
    Superior Information Resource Center (SIRC) Superior University- Central Library Superior Information Resource Center (SIRC) Superior University- Central Library Management 06/08/2023 658.81 JOH-S 1994 9671 06/08/2023 BOOK

Powered by Koha